banner-ar

ملك الاشياء / (Record no. 61439)

MARC details
000 -الفاتح
حقل البيانات ثابتة الطول 00933nam a22002537a 4500
005 - وقت وتاريخ اخر تعامل مع التسجيلة
رقم الضبط 20240530110459.0
008 - عناصر البيانات ثابتة الطول - معلومات عامة
حقل البيانات ثابتة الطول 150622s2010 ua a 000 f ara d
017 ## - رقم الايداع القانونى
رقم الايداع القانونى 2007/17089
المصدر ( الهيئة المختصة) مصر . دار الكتب المصرية
020 ## - الرقم الدولى المعيارى للكتب
الرقم الدولى المعيارى للكتاب 9776171117
040 ## - مصدر الفهرسة
وكالة الفهرسة الأصلية EG-CaGPL
082 04 - رقم تصنيف ديوى العشرى
رقم الطبعة 21
رقم التصنيف 813.087
رقم المادة ط/ط م
100 0# - المدخل الرئيسى - إسم شخصى
الإسم الشخصى طارق عبدالبارى
245 10 - بيان العنوان
العنوان ملك الاشياء /
بيان المسئوليه,etc تاليف طارق عبدالبارى ؛ كلمة التقديم عبدالوهاب المسيرى
250 ## - بيان الطبعة
بيان الطبعة ط2
260 ## - PUBLICATION, DISTRIBUTION, ETC. (IMPRINT)
تاريخ النشر أو التوزيع 2010 .
300 ## - الوصف المادى
التعداد 196 ص ؛
أبعاد الوعاء 19 سم .
650 04 - المدخل الاضافى بالموضوع-مصطلح موضوعى
مصطلح موضوعي الادب العربى
650 04 - المدخل الاضافى بالموضوع-مصطلح موضوعى
مصطلح موضوعي ادب الاطفال
650 04 - المدخل الاضافى بالموضوع-مصطلح موضوعى
مصطلح موضوعي القصص العربية
650 04 - المدخل الاضافى بالموضوع-مصطلح موضوعى
مصطلح موضوعي قصص المغامرات
700 0# - المدخل الاضافى - اسم شخصى
الإسم الشخصى عبدالوهاب المسيرى
الدور مقدم
942 ## - عناصر المدخل الإضافي( كوها)
مصدر التصنيف او مخطط الترفيف Dewey Decimal Classification
Koha [default] item type كتاب
260 ## - PUBLICATION, DISTRIBUTION, ETC. (IMPRINT)
-- القاهرة :
-- دار البلسم للنشر و التوزيع ،
Holdings
حالة التراجع حالة الفقد حالة تلف ليس للاعارة المكان المؤقت الموقع الحالى تاريخ الاكتساب اجمالي اﻻعارات رقم الطلب الباركود تاريخ اخر مشاهدة تاريخ تفعيل السعر نوع وعاء كوها
        مكتبة القاهرة الكبرى مكتبة القاهرة الكبرى 06/22/2015   813.087 ط/ط م 160736 06/22/2015 06/22/2015 كتاب

Powered By

EGPV